000 01290nam0a2200301 i 4500
001 RU\NLR\BIBL_A\010572188
005 20241104145439.0
010 _a9785901856215
_92000
021 _aRU
_b2014-81982
_94990
035 _a(NILC)RuMoRGB-007575243
035 _a(NLR Aleph) 010572188
090 _a10428673
_c10428673
100 _a20141222d2014 u y0rusy50 ca
101 0 _arus
102 _aRU
105 _aac||z|||010yy
200 1 _aИнновационная клиника "Академия Здоровья" - к мировым стандартам качества
_e[к пятилетию клиники
_fред.-сост.: С.В. Плотников]
210 _aЧита
_cСтиль
_d2014
215 _a172, [3] с.
_cцв. ил., портр.
_d25
601 0 2 _a"Академия здоровья", инновационная клиника
_cЧита, город
_92237553
_3RU\NLR\AUTH\6601574517
686 1 _aР.е(2)л74
702 1 _aПлотников
_bС. В.
_4220
712 0 2 _a"Академия Здоровья", инновационная клиника
_cЧита
_9437389
_3RU\NLR\AUTH\880385581
801 0 _aRU
_bРГБ
_c20141029
_gRCR
942 _cBOOK
980 _aNBR